Islamist Radicalisation in Europe and the Middle East : (Record no. 17210)
[ view plain ]
| 000 -LEADER | |
|---|---|
| fixed length control field | 02201nam a22002777a 4500 |
| 008 - FIXED-LENGTH DATA ELEMENTS--GENERAL INFORMATION | |
| fixed length control field | 130203s2013 uk | |||| 001 0 eng d |
| 020 ## - INTERNATIONAL STANDARD BOOK NUMBER | |
| International Standard Book Number | 1848854803 |
| 020 ## - INTERNATIONAL STANDARD BOOK NUMBER | |
| International Standard Book Number | 9781848854802 |
| 082 ## - DEWEY DECIMAL CLASSIFICATION NUMBER | |
| Edition number | 22 |
| Classification number | 320.557 |
| Item number | ISL |
| 245 ## - TITLE STATEMENT | |
| Title | Islamist Radicalisation in Europe and the Middle East : |
| Remainder of title | Reassessing the Causes of Terrorism / |
| Statement of responsibility, etc | edited by George Joffe. |
| 260 ## - PUBLICATION, DISTRIBUTION, ETC. (IMPRINT) | |
| Place of publication, distribution, etc | London : |
| -- | New York : |
| Name of publisher, distributor, etc | I.B. Tauris, |
| Date of publication, distribution, etc | 2013. |
| 300 ## - PHYSICAL DESCRIPTION | |
| Extent | xi, 354 p. ; |
| Dimensions | 23 cm. |
| 504 ## - BIBLIOGRAPHY, ETC. NOTE | |
| Bibliography, etc | Includes bibliographical references and index. |
| 505 ## - FORMATTED CONTENTS NOTE | |
| Formatted contents note | Introduction: Radicalisation and the Arab Spring / George Joffe -- A biographical approach to radicalisation : Ziauddin Sardar’s Desperately seeking paradise and Ed Husain’s The Islamist / Hugh Goddard -- Being Muslim, being British : a multimedia educational resource for young Muslims / Jose Liht, Sara Savage and Ryan J. Williams -- Thinking centrifugal : fecundity and hazard on the net / Johnny Ryan -- Reluctant radicals : hearts and minds between securitisation and radicalisation / Roxane Farmanfarmaian -- Egypt : mainstreaming radicalism / Ezzedine Choukri Fishere -- Between pragmatism and radicalism : the Syrian Muslim Brotherhood and the Ba’ath regime / Raphael Lefevre -- Tripoli in Lebanon : an Islamist fortress or a source of terror? / Nasser Kalawoun -- Israel’s insurgent citizens : contesting the state, demanding the land / Clive Jones -- Sowing dragons’ teeth : radicalisation in the Iraqi theatre of pperations / James Spencer -- Ethnic radicalisation : Kurdish identity as extremism in the hegemonic discourses of Turkey / Ayla Gol -- What is radicalism? Power and resistance in Iran / Arshin Adib-Moghaddarn -- Political Islam in the Gulf Region / Abdullah Baabood. |
| 650 ## - SUBJECT ADDED ENTRY--TOPICAL TERM | |
| Topical term or geographic name as entry element | Islam |
| Geographic subdivision | Europe. |
| 9 (RLIN) | 32335 |
| 650 ## - SUBJECT ADDED ENTRY--TOPICAL TERM | |
| Topical term or geographic name as entry element | Islam |
| Geographic subdivision | Middle East. |
| 9 (RLIN) | 21407 |
| 650 ## - SUBJECT ADDED ENTRY--TOPICAL TERM | |
| Topical term or geographic name as entry element | Islam and politics |
| Geographic subdivision | Europe. |
| 9 (RLIN) | 32336 |
| 650 ## - SUBJECT ADDED ENTRY--TOPICAL TERM | |
| Topical term or geographic name as entry element | Islamic fundamentalism |
| Geographic subdivision | Europe. |
| 9 (RLIN) | 12715 |
| 650 ## - SUBJECT ADDED ENTRY--TOPICAL TERM | |
| Topical term or geographic name as entry element | Islamic fundamentalism |
| Geographic subdivision | Middle East. |
| 9 (RLIN) | 11982 |
| 650 ## - SUBJECT ADDED ENTRY--TOPICAL TERM | |
| Topical term or geographic name as entry element | Radicalism |
| Geographic subdivision | Europe. |
| 9 (RLIN) | 32337 |
| 650 ## - SUBJECT ADDED ENTRY--TOPICAL TERM | |
| Topical term or geographic name as entry element | Radicalism |
| Geographic subdivision | Middle East. |
| 9 (RLIN) | 32338 |
| 653 ## - INDEX TERM--UNCONTROLLED | |
| Resource For college | |
| Arrived date list | February2013 |
| 650 ## - SUBJECT ADDED ENTRY--TOPICAL TERM | |
| 9 (RLIN) | 11983 |
| Topical term or geographic name as entry element | Islam and politics |
| Geographic subdivision | Middle East |
| 700 ## - ADDED ENTRY--PERSONAL NAME | |
| Personal name | Joffe, E. G. H. |
| 9 (RLIN) | 32339 |
| 942 ## - ADDED ENTRY ELEMENTS (KOHA) | |
| Source of classification or shelving scheme | Dewey Decimal Classification |
| Item type | Book - Borrowing |
| Withdrawn status | Item status | Source of classification or shelving scheme | Damaged status | Not for loan | Vendor | Home library | Current library | Shelving location | Date acquired | Source of acquisition | Cost, normal purchase price | Serial Enumeration / chronology | Total Checkouts | Total Renewals | Full call number | Barcode | Date last seen | Date last borrowed | Koha item type |
|---|---|---|---|---|---|---|---|---|---|---|---|---|---|---|---|---|---|---|---|
| Dewey Decimal Classification | MERIC | Central Library | Central Library | First floor | 03/02/2013 | 547.00 | 000263 | 12 | 72 | 320.557 ISL | 000027975 | 15/07/2025 | 01/10/2019 | Book - Borrowing |